000 00603nam a2200229Ia 4500
003 OSt
005 20220926025013.0
006 a|||||r|||| 00| 0
007 ta
008 220923b |||||||| |||| 00| 0 eng d
020 _a0198545096
037 _cGeneral Book
040 _aRTL
_cRTL
_beng
041 _2eng
_aeng
082 _aU18, L7
100 _aWhite L P
_9331759
245 0 _aAerial Photography And Remote Sensing for Soil Sur
260 _aOxford
_bO U P
_c1977
300 _aviii,104p.
_ccm.
942 _hU18, L7
_cGB
_2CC
999 _c646126
_d646126